Avengers: Endgame (2019): Random Characters - Statistics

General Stats
  • This quiz has been taken 49 times
  • The average score is 3 of 16
Answer Stats
Hint Answer % Correct
Samuel L. Jackson Nick Fury
98%
Cobie Smulders Maria Hill
55%
Jacob Batalon Ned Leeds
50%
James D'Arcy Jarvis
17%
Ty Simpkins Harley Keener
12%
Ken Jeong Security Guard
12%
Hiroyuki Sanada Akihiko
10%
Callan Mulvey Jack Rollins
5%
Agostino Rosalina Augie
0%
Russell Bobbitt Diner Owner
0%
Stan Lee Driver
0%
Joe Russo Grieving Man
0%
Julian Russo Julian
0%
Lia Mariella Russo Lia
0%
Yvette Nicole Brown S.H.I.E.L.D. Agent
0%
Taylor Patterson Taylor
0%
No matching quizzes found
Score Distribution
Percent of People with Each Score
Percentile by Number Answered
Your Score History
You have not taken this quiz